Multan International Airport Destinations (Multan, Pakistan) - Statistics

General Stats
  • This quiz has been taken 24 times
    9 since last reset
  • The average score is 10 of 12
Answer Stats
Airline Destination % Correct
Qatar Airways Doha
100%
airblue/flydubai/Pakistan International Airlines Dubai (International)
100%
airblue/AirSial/Pakistan International Airlines/Saudia Jeddah
100%
Pakistan International Airlines Karachi
100%
Pakistan International Airlines/SalamAir Muscat
100%
Pakistan International Airlines Riyadh
100%
Gulf Air Bahrain
86%
Pakistan International Airlines Dammam
86%
Air Arabia Abu Dhabi
71%
Pakistan International Airlines Medina
71%
Air Arabia/airblue/Pakistan International Airlines Sharjah
71%
Pakistan International Airlines Gassim
14%
No matching quizzes found
Score Distribution
Percent of People with Each Score
Percentile by Number Answered
Your Score History
You have not taken this quiz since the last reset